El criticón

Shranjeno v:
Bibliografske podrobnosti
Glavni avtor: Gracián y Morales, Baltasar (Author)
Format: Knjiga
Jezik:španščina
Izdano: Madrid Renacimiento 1913
Serija:Biblioteca Renacimiento. Obras Maestras de la Literatura Universal
Teme:
Oznake: Označite
Brez oznak, prvi označite!

MARC

LEADER 00000nam a2200000 a 4500
001 UCZ7670
003 CL-VaPUC
008 960109e19130000SP |||||||||||||||||spa|d
082 0 4 |a 863  |b GRA  |2 21 
100 0 |a Gracián y Morales, Baltasar  |e author  |9 314545 
245 1 3 |a El criticón 
300 |a v 
942 |c BK 
945 |d 19960109 00:00:00  |a rleighto 
260 |a Madrid  |b Renacimiento  |c 1913 
650 0 |a Novelas españolas  |9 265052 
583 |a last modification  |c 19960109 00:00:00  |k Rodrigo Vera 
490 0 |a Biblioteca Renacimiento. Obras Maestras de la Literatura Universal 
999 |c 243714  |d 243712 
952 |0 0  |1 0  |4 0  |6 863_000000000000000_GRA_1913  |7 0  |8 A  |9 257491  |a BIBEDU  |b BIBEDU  |d 2019-11-19  |h v.1  |i 3167550  |o 863 GRA 1913  |p 3167550  |r 2019-11-19  |w 2019-11-19  |y BK  |k LIT 
952 |0 0  |1 0  |4 0  |6 863_000000000000000_GRA_1913  |7 0  |8 A  |9 257492  |a BIBEDU  |b BIBEDU  |d 2019-11-19  |h v.1  |i 3259552  |o 863 GRA 1913  |p 3259552  |r 2019-11-19  |w 2019-11-19  |y BK  |k LIT